000 02617nam0a2200421 4500
001 RU\NLR\bibl\1146431
005 20260407170244.0
035 _a(nilc)RSL-KNO-003086238
035 _a(NLR Aleph) 001133249
090 _a1371286
_c1371286
100 _a20070321d2006 |||y0rusy50 ca
101 0 _arus
102 _aRU
105 _aa |||||||||
200 1 _aТруды II Всероссийской научной школы "Математические исследования в кристаллографии, минералогии и петрографии", Апатиты, 16-17 октября 2006 г.
210 _aАпатиты
_cК & М
_d2006
215 _a172 с.
_cил., табл.
_d21
300 _aВ надзаг.: Геологический ин-т КНЦ РАН, Кольское отд-ние РМО
320 _aБиблиогр. в конце ст.
606 1 _aКристаллография
_jСъезды, совещания и т.п.
_xМатематические исследования
_91434034
_3RU\NLR\auth\66606281
606 1 _aМинералогия
_jСъезды, совещания и т.п.
_xМатематические методы
_92269842
_3RU\NLR\auth\661360525
606 1 _aПетрография
_jСъезды, совещания и т.п.
_xМатематические методы
_92269840
_3RU\NLR\auth\661360524
610 0 _aНауки о Земле -- Геологические науки -- Минералогия -- Математические методы -- Материалы конференции
610 0 _aНауки о Земле -- Геологические науки -- Петрография -- Математические методы -- Материалы конференции
610 0 _aФизико-математические науки -- Физика -- Физика твердого тела. Кристаллография -- Материалы конференции
686 _aД33с18я431(2)
_2rubbk
686 _aД34с18я431(2)
_2rubbk
686 _aВ37я431(2)
_2rubbk
686 _aВ37с21я431(2)
686 _aД33в641я431(2)
686 _aД34в641я431(2)
710 1 2 _a"Математические исследования в кристаллографии, минералогии и петрографии", всероссийская научная школа
_d2
_f2006
_eАпатиты
_3RU\NLR\AUTH\8810106157
_9712596
801 0 _aRU
_bРКП
_c20070321
_grcr
801 1 _aRU
_bРГБ
_c20070321
801 2 _aRU
_bNLR
_c20071026
_grcr
942 _cBOOK
980 _aNB